[Event "URS-ch46 First League"]
[Site "Ashkhabad"]
[Date "1978.??.??"]
[Round "14"]
[White "Razuvaev, Yuri S"]
[Black "Jussupow, Artur"]
[Result "1/2-1/2"]
[WhiteElo "2460"]
[BlackElo "2450"]
[Annotator "Bulletin"]
[PlyCount "47"]
[EventDate "1978.10.??"]
[EventType "tourn"]
[EventRounds "17"]
[EventCountry "URS"]
[EventCategory "10"]
[SourceTitle "MCL"]
[Source "ChessBase"]
[SourceDate "1999.07.01"]
[SourceVersion "1"]
[SourceVersionDate "1999.07.01"]
[SourceQuality "1"]

1. d4 Nf6 2. c4 e6 3. Nf3 Bb4+ 4. Bd2 Be7 5. Nc3 d5 6. Bg5 O-O 7. e3 h6 8. Bxf6
$6 (8. Bh4) 8... Bxf6 9. cxd5 exd5 10. b4 c6 11. Bd3 Bg4 $15 12. O-O Qd6 13.
Rb1 Nd7 14. h3 Bh5 15. b5 Bd8 16. bxc6 bxc6 17. Rb7 Bc7 18. g4 Bg6 19. e4 dxe4
20. Nxe4 Qf4 (20... Bxe4 $5 21. Bxe4 Nf6 {P d5}) 21. Ng3 Nf6 22. Bxg6 fxg6 23.
Nh4 $1 $10 Qg5 24. Nf3 1/2-1/2

[Event "Porz op 28th"]
[Site "Cologne"]
[Date "1992.??.??"]
[Round "7"]
[White "Hoerstmann, Martin"]
[Black "Meijers, Viesturs"]
[Result "1-0"]
[WhiteElo "2300"]
[BlackElo "2375"]
[Annotator "Bulletin"]
[PlyCount "145"]
[EventDate "1992.??.??"]
[EventType "swiss"]
[EventRounds "9"]
[EventCountry "GER"]
[SourceTitle "TD"]
[Source "ChessBase"]
[SourceDate "1994.03.01"]
[SourceVersion "1"]
[SourceVersionDate "1994.03.01"]
[SourceQuality "1"]

1. d4 d5 2. c4 e6 3. Nc3 Be7 4. Nf3 Nf6 5. Bg5 O-O 6. cxd5 exd5 7. e3 b6 8. Bd3
Bb7 9. O-O Nbd7 10. Ne5 Re8 11. Bb5 a6 12. Bxf6 axb5 13. Bxg7 Kxg7 14. Qg4+ Bg5
15. Nxd7 b4 16. f4 bxc3 17. Ne5 cxb2 18. Rab1 f6 19. Nf3 Bc8 20. Qg3 Qd6 21.
Rxb2 Rxe3 22. fxg5 Qxg3 23. gxf6+ Kxf6 24. hxg3 Ke7 25. Rc2 Kd6 26. Ng5 Be6 27.
Rf6 Rc8 28. Kf2 Re4 29. Nxe4+ dxe4 30. Ke3 Kd5 31. Rh6 Bf5 32. Rh5 Ke6 33. Rc6+
Kd7 34. Rf6 Bg6 35. Re5 Ra8 36. Rfe6 Rxa2 37. Re7+ Kc8 38. Rg7 Rxg2 39. Ree7
Rxg3+ 40. Kd2 Rd3+ 41. Kc2 Kb7 42. Rxc7+ Ka6 43. Rge7 Rxd4 44. Re6 Bf5 45. Re5
Bg6 46. Re6 Rd5 47. Kb3 Bf5 48. Rf6 Kb5 49. Rcc6 e3 50. Rxb6+ Kc5 51. Rbc6+ Kd4
52. Rc1 e2 53. Rh6 Ke3 54. Rhh1 Be4 55. Rhg1 h5 56. Rg3+ Kd2 57. Rgg1 h4 58.
Ra1 Bc2+ 59. Kc4 Rd8 60. Rh1 Rc8+ 61. Kd4 Rb8 62. Ke5 Rb4 63. Kf6 Bd1 64. Ra2+
Ke3 65. Kg5 Rf4 66. Rh3+ Kd4 67. Rxe2 Rf1 68. Rd2+ Ke5 {[#]} 69. Rxh4 $2 (69.
Re3#) 69... Rg1+ 70. Kh6 Bf3 71. Rd3 Bc6 72. Re3+ Kf6 73. Rf4# 1-0

[Event "WchT (Women) 4th"]
[Site "Astana"]
[Date "2013.03.07"]
[Round "5.4"]
[White "Zhukova, Natalia"]
[Black "Guo, Qi"]
[Result "1-0"]
[WhiteElo "2471"]
[BlackElo "2435"]
[Annotator "CB"]
[PlyCount "145"]
[EventDate "2013.03.03"]
[EventType "team-tourn"]
[EventRounds "9"]
[EventCountry "KAZ"]
[SourceTitle "CBM 153 Extra"]
[Source "ChessBase"]
[SourceDate "2013.04.22"]
[SourceVersion "1"]
[SourceVersionDate "2013.04.22"]
[SourceQuality "1"]
[WhiteTeam "Ukraine (W)"]
[BlackTeam "China (W)"]
[WhiteTeamCountry "UKR"]
[BlackTeamCountry "CHN"]

1. d4 d5 2. c4 e6 3. Nc3 Be7 4. Nf3 Nf6 5. Bg5 h6 6. Bxf6 {Dieser Abtausch
wurde durch die WM-Kämpfe Kasrpow-Kasparow bekannt.} ({Nach} 6. Bh4 O-O 7. e3 {
steht Laskers} Ne4 {seit einiger Zeit wieder hoch im Kurs.}) 6... Bxf6 7. e3
O-O 8. Qc2 (8. Rc1 c6 9. Bd3 Nd7 10. O-O dxc4 11. Bxc4 e5 12. h3 exd4 13. exd4
Nb6 14. Bb3 Bf5 15. Re1 a5 16. a3 Re8 17. Rxe8+ Qxe8 18. Qd2 Nd7 19. Qf4 Bg6
20. h4 Qd8 21. Na4 h5 22. Re1 b5 23. Nc3 Qb8 24. Qe3 b4 25. Ne4 bxa3 26. Nxf6+
Nxf6 27. bxa3 Nd5 28. Bxd5 cxd5 29. Ne5 Qd8 30. Qf3 Ra6 31. Rc1 Kh7 32. Qh3 Rb6
33. Rc8 Qd6 34. Qg3 a4 35. Ra8 Qe6 36. Rxa4 Qf5 37. Ra7 Rb1+ 38. Kh2 Rc1 39.
Rb7 Rc2 40. f3 Rd2 41. Nd7 Rxd4 42. Nf8+ Kh6 43. Rb4 Rc4 44. Rxc4 dxc4 45. Qd6
c3 46. Qd4 {1-0 (46) Kasparov,G (2740)-Karpov,A (2705) London/Leningrad 1986})
8... c5 9. dxc5 dxc4 10. Bxc4 Qa5 11. O-O Bxc3 12. Qxc3 Qxc3 13. bxc3 Nd7 14.
c6 bxc6 15. Rfd1 (15. Rab1 Nb6 16. Be2 Bd7 (16... c5 17. Rfc1 Bb7 18. Kf1 Bd5
19. Rb5 Nd7 20. Ra5 Rfb8 21. c4 Bc6 22. Ne1 Rb4 23. Bd1 Rb7 24. f3 Rd8 25. Nd3
g5 26. Bb3 Kf8 27. Nxc5 Nxc5 28. Rxc5 Rd6 29. Ke2 Ke7 30. Rd1 Rxd1 31. Kxd1 Kd6
32. Ra5 f5 33. Ke2 h5 34. e4 fxe4 35. fxe4 Bxe4 36. Rxg5 Bf5 37. Ke3 h4 38. Kd4
e5+ 39. Kc3 Bb1 40. a3 Re7 41. Rg4 h3 42. g3 Re8 43. Rg7 Rf8 44. Rxa7 Rf2 45.
Kb4 Rxh2 46. c5+ Kc6 47. Ba4+ Kd5 48. Rd7+ Ke4 49. c6 Rb2+ 50. Ka5 Rb8 51. c7
Rc8 52. Kb6 Ke3 53. Bc6 h2 54. g4 Rh8 55. Rd1 Ba2 56. Re1+ Kf4 57. Re4+ Kg3 58.
Rxe5 Kxg4 59. Re2 {1-0 (59) Karpov,A (2705)-Kasparov,G (2715) Moscow 1984}) 17.
Ne5 Rfd8 18. Bf3 Be8 19. Bxc6 Rac8 20. Bxe8 Rxe8 21. Rfc1 Red8 22. Rb3 Rc5 23.
Nf3 Ra5 24. Rb2 Nc4 25. Rbc2 e5 26. Kf1 Kh7 27. e4 Ra6 28. Ke1 Rad6 29. h4 h5
30. Nh2 a5 31. Nf1 Kg6 32. Ke2 f5 33. exf5+ Kxf5 34. Ng3+ Kg6 35. Ne4 Rb6 36.
Rd1 Rxd1 37. Kxd1 Kf7 38. Re2 Ke6 39. Nd2 Na3 40. f4 Rb5 41. c4 Rc5 42. Nb3
Rxc4 43. Rxe5+ Kf6 44. Rxa5 Nb1 45. g3 Nc3+ 46. Kd2 Ne4+ 47. Kd3 Rb4 48. Nd4
Nxg3 49. Rg5 Nh1 {1-0 (49) Bu Xiangzhi (2656)-Wang Yue (2690) Danzhou 2012})
15... Nb6 16. Bf1 (16. Bd3 c5 17. Bb5 Bb7 18. Ne5 Rfd8 19. Bc6 Rxd1+ 20. Rxd1
Bxc6 21. Nxc6 Nd5 22. Rd3 Kf8 23. Kf1 c4 24. Rd4 Rc8 25. Nxa7 Rc5 26. a4 Nxc3
27. Nb5 Nxa4 28. Na3 Nb6 29. Ke1 Ke7 30. Rd1 f5 31. Rb1 Nc8 32. Nc2 Nd6 33. Nd4
e5 34. Nc2 Rb5 35. Ra1 Rb2 36. Kd1 Ne4 37. f3 Nc5 38. Ra7+ Ke6 39. Kd2 Rb3 40.
Rxg7 c3+ 41. Ke2 Rb2 42. Kd1 e4 43. Rc7 Kd6 44. Rc8 exf3 45. gxf3 Rb4 46. Ke2
Rh4 47. Nd4 Rxh2+ 48. Ke1 Na4 49. Rc6+ Kd7 50. Ra6 Nc5 51. Rf6 c2 52. Nxc2 Rxc2
53. Rxf5 Nb3 54. Rh5 Rc6 55. Kf2 Ke7 56. Ra5 Nc5 57. Kg3 Nd7 58. Rh5 Kf7 59.
Rd5 Nf6 60. Rd3 Kg6 61. Rd2 Rc3 62. Kf2 Kf5 63. Ra2 Rc5 64. Rb2 h5 65. Kg3 Rc3
66. Rb5+ Kg6 67. Kf4 Rc1 68. Rg5+ Kh6 69. Ra5 Rg1 70. e4 h4 71. Ra8 h3 72. Ra2
Rg2 73. Ra1 h2 74. Rh1 Nh5+ {0-1 (74) Danin,A (2539)-Landa,K (2645) Sochi 2012}
) 16... Bb7 17. a4 c5 18. a5 Bxf3 19. gxf3 Nd5 20. e4 Nf6 (20... Nxc3 $2 21.
Rdc1 {mit Springerverlust.}) 21. Rd6 Rfd8 22. Rad1 Rxd6 23. Rxd6 {Das Thema
lautet also Turm plus Läufer gegen Turm plus Springer. Mit Bauern an zwei
Flügeln sollte die Läuferseite die besseren Chancen haben. Zudem hat sich die
erfahrene Turnierspielerin Natalia Zhukova vielleicht auch größeren
praktischen Chancen gegen ihre 18-jährige Gegnerin ausgerechnet.} Rc8 {Tc6
darf man nicht zulassen.} 24. Bb5 g5 25. Kf1 Kf8 26. Ke2 Ke7 27. Ra6 Rc7 28.
Kd3 Nh5 29. Kc4 {Weiß hat schon ganz gute Fortschritte gemacht. Der Bauer a7
bedarf des Schutzes und auch der Bauer c5 ist gefährdet. Noch hat Schwarz
alles verteidigt. Ihr einziges Gegenspiel besteht in der Aktivität des
Springers, der alleine am Königsflügel unterwegs ist.} Nf4 30. Rc6 {Diese
erzwungene Übergang in ein reines Leichtfigurenendspiel war die Idee des
weißen 24. Zuges.} Rxc6 31. Bxc6 Kd6 32. Be8 f6 33. Kb5 {Der Verlust des
a-Bauern ist nicht zu verhindern.} Nd3 ({Richtig war} 33... Ne2 34. c4 ({Nicht
} 34. Ka6 $2 Nxc3 35. Kxa7 Kc7 36. Ka6 c4 $19 {keine Option für Weiß, weil der
weiße König gefangen ist und der schwarze c-Bauer bei passender Gelegenheit
marschiert.}) 34... Nd4+ ({Nicht} 34... Nc3+ $2 35. Ka6 Kc7 36. Kxa7 Ne2 37.
Bh5 Nd4 38. Ka6 {Zugzwang. Wenn der weiße König nach b5 kommt gewinnt Weiß.}
Kc6 39. Bf7 Kc7 40. Be8 e5 41. Bf7 Kc6 42. Be8+ Kc7 43. h3 Nxf3 44. Kb5 Nd2 (
44... Nd4+ 45. Kxc5 $18) 45. Bc6 $1 Nxc4 46. Kxc4 Kxc6 47. f3 $18) 35. Ka6 Kc7
(35... Nxf3 $11) 36. Kxa7 Nxf3 37. Ka6 Nd4 38. Bf7 Kc6 39. Bg6 Kc7 40. Be8 Ne2
{und die Pointe ist, dass nach} 41. Kb5 {nun} Nc3+ {die Bauern e4 und f2
gewinnt.} 42. Kxc5 Nxe4+ 43. Kd4 Nxf2 44. Bh5 e5+ 45. Ke3 Nh3 46. Bg4 Nf4 $11)
34. Ka6 Nxf2 35. Kxa7 Kc7 36. Ka6 g4 $5 (36... Nd1 37. Kb5 Nxc3+ 38. Kxc5 g4
39. Bh5 gxf3 40. Bxf3 e5 41. a6 $18 {Der weiße König wird in die schwarze
Stellung eindringen.}) 37. Bh5 f5 {Schwarz versucht noch Verwirrung zu stiften.
} 38. exf5 exf5 39. fxg4 $2 {Mit Erfolg.} ({Besser war} 39. Kb5 Kb7 40. Kxc5
Ka6 41. Kd4 $18) 39... f4 $2 {Doch Schwarz erntet seine Früchte nicht.} ({Nach
} 39... Nxg4 40. Kb5 Nxh2 41. Kxc5 f4 42. Kd4 Kb7 43. Ke4 f3 44. Bxf3 Nxf3 45.
Kxf3 Ka6 $11 {ist das Bauernendspiel tatsächlich remis.}) 40. h4 $18 Nh3 41.
Kb5 f3 42. Bf7 Nf4 43. Bc4 Ng2 44. Kxc5 $2 ({Es gewinnt} 44. g5 hxg5 45. hxg5
Ne3 46. Be6 $1 ({Nach} 46. Bd3 {muss man auch rechnen:} c4 47. Bf1 Nxf1 48. g6
f2 49. g7 Nh2 50. g8=Q f1=Q 51. Qh7+ Kc8 52. Qh8+ Kd7 53. Qxh2 Qf5+ 54. Kb4 {
und das Damenendspiel ist wahrscheinlich auch gewonnen.}) 46... f2 47. Bh3 Nd5
(47... f1=Q+ 48. Bxf1 Nxf1 49. g6 $18) 48. Bf1 (48. Kc4 Kc6 49. Kb3 (49. Bg2
Kd6) 49... Kb7 50. Bf1 Ne3 51. Be2 (51. g6 Nxf1 52. g7 Nd2+) 51... Nf5 52. a6+
Kb6 53. g6 $18) 48... Nxc3+ 49. Ka6 Ne4 50. g6 $18) 44... Nxh4 $2 (44... Ne3 {
macht nun Remis.} 45. Bb5 Nxg4 46. Kd5 f2 47. Ke4 Nh2 48. Kf5 {Pfiffiger ist}
Nf3 $5 (48... f1=Q+ 49. Bxf1 Nxf1 {reicht gerade zum Remis.} 50. Kg6 Kb7 51.
Kxh6 Ka6 52. Kg5 Ng3 53. Kg4 Ne4 54. Kf4 Nf6 55. Ke5 Ng4+ 56. Kf5 Nh6+ 57. Kg6
Ng8 (57... Ng4 58. Kg5 Ne5 59. Kf5 $18) 58. h5 Kxa5 59. Kg7 Ne7 60. Kf7 Nf5 $11
) 49. Kg4 Nd2 50. Kh5 (50. Kg3 f1=Q 51. Bxf1 Nxf1+ 52. Kg4 Ne3+ 53. Kh5 Nf5 $11
) 50... Nf3 $11) 45. Kd4 Ng6 46. Ke4 f2 47. Bf1 $1 (47. Kf5 $2 Ne7+ 48. Kf6 $2
Nd5+ $11) 47... Kb7 48. Be2 {Tempoverlust.} (48. Kf3 $18 Nf8 49. a6+ Ka7 50.
Kxf2 {usw.}) 48... Ne7 49. Kf3 Nd5 50. c4 Nf6 $2 ({Besser war nun} 50... Nc3
51. c5 (51. Kxf2 Ka6) 51... Kc6 52. a6 Na4 53. Kxf2 Nxc5 54. Ke3 Kb6 55. Bc4
Na4 56. Kd4 Ka7 {und Weiß kann nicht gewinnen:} 57. Bd3 Kb6 58. Bf1 Ka7 59. Ke5
Nc3 60. Kf6 Nd5+ 61. Kg7 Ne3 62. Be2 Nxg4 63. Bxg4 Kxa6 $11) 51. Kxf2 Ka6 52.
Ke3 Kxa5 53. c5 Nd5+ 54. Kd4 Ne7 55. Ke5 Kb4 56. Kd6 Nc8+ 57. Kc6 Na7+ 58. Kd5
Kc3 59. Ba6 Kb4 60. c6 Ka5 61. Bb7 Kb6 62. Ke5 Nb5 63. Kf6 Nd4 64. Kg6 Nf3 65.
Kxh6 Ne5 66. g5 Nf7+ 67. Kg6 Ne5+ 68. Kf5 Nf7 69. g6 Nh6+ 70. Ke6 Kc7 71. g7
Ng8 72. Kf7 Nh6+ 73. Kf8 1-0

[Event "Ciocaltea Memorial"]
[Site "Bucharest"]
[Date "1998.??.??"]
[Round "9"]
[White "Rogozenco, Dorian"]
[Black "Vajda, Levente"]
[Result "1/2-1/2"]
[WhiteElo "2495"]
[BlackElo "2440"]
[Annotator "ChessBase"]
[PlyCount "168"]
[EventDate "1998.02.??"]
[EventType "tourn"]
[EventRounds "13"]
[EventCountry "ROU"]
[EventCategory "11"]
[SourceTitle "CBM 064"]
[Source "ChessBase"]
[SourceDate "1998.06.02"]
[SourceVersion "1"]
[SourceVersionDate "1998.06.02"]
[SourceQuality "1"]

1. d4 d5 2. c4 e6 3. Nc3 Be7 4. Nf3 Nf6 5. Bg5 h6 6. Bxf6 Bxf6 7. e3 O-O 8. Rc1
c6 9. Bd3 Nd7 10. O-O dxc4 11. Bxc4 b5 12. Bd3 Bb7 13. Qe2 a6 14. b4 Qe7 15. a3
a5 16. Qb2 axb4 17. axb4 Rac8 18. Qb3 e5 19. Bf5 Rcd8 20. Bxd7 Rxd7 21. dxe5
Bxe5 22. Nxe5 Qxe5 23. Ne2 Rfd8 24. Nd4 Rd5 25. Nxc6 Bxc6 26. Rxc6 Rd3 27. Qb1
R8d5 28. Rc8+ Rd8 29. Rc5 Qe8 30. h3 Qd7 31. Qc2 Rd2 32. Qf5 Qxf5 33. Rxf5 Rb2
34. Rxb5 g6 35. g4 Rdd2 36. Kg2 Rdc2 37. Kg3 Kg7 38. h4 Rc4 39. h5 gxh5 40.
gxh5 (40. Rxh5 $16) 40... Rcxb4 41. Rxb4 Rxb4 42. Rd1 Rb5 43. Kh4 Rb2 44. Kg3
Rb5 45. Kg4 Rg5+ 46. Kh4 Re5 47. Rd4 Kf8 48. Rf4 Ke7 49. Ra4 Kf8 50. Ra3 Re4+
51. f4 Kg7 52. Kg4 Rb4 53. Ra5 Kf6 54. Rd5 Rb1 55. Rd6+ Kg7 56. e4 Rg1+ 57. Kf3
Rf1+ 58. Kg3 Rg1+ 59. Kf2 Rh1 60. Rd5 Rh4 61. Ke3 Rh1 62. Kd4 Rh3 63. Rf5 Rh1
64. Kd5 Ra1 65. Kc6 Ra4 66. Re5 f5 $5 67. Kb5 Rd4 68. Kc5 Ra4 69. Kd5 fxe4 70.
Ke6 e3 71. Kf5 Ra3 72. Re7+ Kf8 73. Re4 Kf7 74. Re5 Rb3 75. Kg4 Kf6 76. Kf3 e2+
77. Kxe2 Rh3 78. Kf2 Rh1 79. Kg2 Rc1 80. Ra5 Rb1 81. Ra6+ Kf5 82. Rxh6 Kxf4 83.
Rg6 Rb5 84. h6 Rh5 1/2-1/2

[Event "Haninge"]
[Site "Haninge"]
[Date "1989.??.??"]
[Round "?"]
[White "Andersson, Ulf"]
[Black "Wedberg, Tom Birger"]
[Result "1/2-1/2"]
[WhiteElo "2620"]
[BlackElo "2510"]
[Annotator "ChessBase"]
[PlyCount "71"]
[EventDate "1989.??.??"]
[EventType "tourn"]
[EventRounds "11"]
[EventCountry "SWE"]
[EventCategory "13"]
[SourceTitle "CBM 013"]
[Source "ChessBase"]
[SourceDate "1989.12.01"]
[SourceVersion "1"]
[SourceVersionDate "1989.12.01"]
[SourceQuality "1"]

1. Nf3 Nf6 2. c4 e6 3. Nc3 d5 4. d4 Be7 5. Bg5 h6 6. Bxf6 Bxf6 7. e3 O-O 8. Rc1
c6 9. Bd3 Nd7 10. O-O dxc4 11. Bxc4 e5 12. Bb3 (12. h3 exd4 13. exd4 Re8 $5 {
This idea of Abramovic seems to kill Kasparov's petline.} 14. Qb3 Rf8 15. Qc2
Re8 {Black is stubborn. He wants to play Nf8-Be6 (rather than Nb6-Bf5) to
relieve pressure against f7 and to control d5.} 16. Rfe1 (16. Qg6 Re7 17. Ne4
$2 Kh8 $1 18. Bxf7 Nf8 $19) 16... Nf8 17. Rxe8 Qxe8 18. Re1 Be6 $10) 12... exd4
13. exd4 Re8 14. Qd2 Nf8 15. d5 $1 Bxc3 16. Rxc3 cxd5 17. Bxd5 Qf6 $5 {New and
good for a draw.} (17... Be6 18. Bxb7 Qxd2 19. Nxd2 Rab8 20. Bc6 Red8 21. Nb3
$14) (17... Rb8 $4 18. Bxf7+ Kxf7 19. Qf4+ $18) 18. Rd1 Rb8 (18... Be6 19. Bxb7
Rab8 $10) 19. Qd4 Qxd4 20. Nxd4 Rd8 21. Bb3 (21. Nc6 bxc6 22. Bxf7+ Kxf7 23.
Rxd8 Ke7 $1 $15) 21... Be6 $1 (21... Ne6 22. Nb5 $1 $14) 22. Nxe6 Rxd1+ 23.
Bxd1 Nxe6 24. Kf1 Rd8 25. Bg4 Rd2 $1 26. Bxe6 (26. Rc8+ Nf8 $1 (26... Kh7 $2
27. Bf5+ g6 28. Bxe6 fxe6 29. Rc7+ $18) 27. Be2 Rxb2 28. Bc4 $10) 26... fxe6
27. Rb3 b6 28. g3 e5 29. h4 Kf7 30. Ra3 Rxb2 31. Rxa7+ Kf6 32. h5 b5 33. a3 b4
34. Ra6+ Kf7 35. axb4 Rxb4 36. Kg2 {[Tom Wedberg]} 1/2-1/2

[Event "Munich"]
[Site "Munich"]
[Date "1989.??.??"]
[Round "?"]
[White "Cebalo, Miso"]
[Black "Van der Sterren, Paul"]
[Result "0-1"]
[WhiteElo "2505"]
[BlackElo "2500"]
[Annotator "ChessBase"]
[PlyCount "124"]
[EventDate "1989.04.??"]
[EventType "tourn"]
[EventRounds "11"]
[EventCountry "GER"]
[EventCategory "10"]
[SourceTitle "CBM 013"]
[Source "ChessBase"]
[SourceDate "1989.12.01"]
[SourceVersion "1"]
[SourceVersionDate "1989.12.01"]
[SourceQuality "1"]

1. c4 e6 2. d4 Nf6 3. Nf3 d5 4. Nc3 Be7 5. Bg5 h6 6. Bxf6 Bxf6 7. Rc1 O-O 8. e3
c6 9. Bd3 Nd7 10. cxd5 exd5 11. b4 Be7 12. b5 Ba3 13. Rc2 Bd6 14. O-O Nf6 15.
bxc6 bxc6 16. Na4 Ne4 17. Ne5 {>= 17.Rxc6} Qe8 18. f3 c5 19. fxe4 cxd4 20. Ng4
$6 (20. Rxc8 Rxc8 21. exd4 f6 22. Ng4 (22. Ng6 $2 dxe4 23. Nxf8 exd3 $17) 22...
dxe4 $13) (20. Nc6 $5 dxe4 21. Bb5 a6 22. Nb6 axb5 23. Nxa8 d3 $1 $13) 20...
dxe4 21. Bc4 Bxg4 22. Qxg4 Qxa4 23. Qxe4 $2 (23. Bb3 $5 Qe8 24. Rxf7 Rxf7 25.
Rf2) 23... Rae8 24. Qf5 dxe3 25. Bxf7+ Kh8 26. Bxe8 Qd4 27. Qxf8+ Bxf8 28. Re2
Bb4 29. Bg6 Qd6 30. Bc2 Bd2 31. g3 g6 32. a4 Kg7 33. Bd1 Qc5 34. h4 Qd6 35. Kg2
Qd5+ 36. Kh2 Qe4 37. Rf4 Qb1 38. Rf1 Qb7 39. Kg1 Qd5 40. Kh2 Qd3 41. Kg2 Bb4
42. Rb2 Qd4 43. Re2 Qd3 44. Rb2 Qd4 45. Re2 g5 46. h5 Qe4+ 47. Kg1 Bc5 48. Kh2
Bd6 49. Bb3 Qh4+ 50. Kg1 Qxh5 51. Rf7+ Kg6 52. Rxe3 Bc5 53. Kg2 Bxe3 54. Rf3
Bf4 55. gxf4 Qg4+ 56. Kf2 Qh4+ 57. Kg2 Qg4+ 58. Kf2 Qh4+ 59. Kg2 gxf4 60. Be6
Qf6 61. Bb3 Qb2+ 62. Kh3 Kf5 {(Lubomir Ftacnik)} 0-1

[Event "GER-ARM"]
[Site "Baden-Baden"]
[Date "1996.??.??"]
[Round "1"]
[White "Schlosser, Philipp"]
[Black "Petrosian, Arshak B"]
[Result "1-0"]
[WhiteElo "2560"]
[BlackElo "2480"]
[Annotator "ChessBase"]
[PlyCount "62"]
[EventDate "1996.07.31"]
[EventType "match"]
[EventRounds "4"]
[EventCountry "GER"]
[SourceTitle "CBM 055"]
[Source "ChessBase"]
[SourceDate "1996.12.01"]
[SourceVersion "1"]
[SourceVersionDate "1996.12.01"]
[SourceQuality "1"]
[WhiteTeam "Germany"]
[BlackTeam "Armenia"]
[WhiteTeamCountry "GER"]
[BlackTeamCountry "ARM"]

1. d4 Nf6 2. c4 e6 3. Nf3 d5 4. Nc3 Be7 5. Bg5 h6 6. Bxf6 Bxf6 7. e3 O-O 8. Qb3
c6 9. Rd1 Nd7 10. Bd3 a5 11. Qc2 Nb6 12. b3 g6 13. O-O Bg7 14. e4 dxc4 (14...
dxe4 15. Nxe4 $14) 15. Bxc4 (15. bxc4 $142 $5 c5 (15... Bxd4 16. Be2 e5 (16...
c5 17. Nxd4 cxd4 18. c5 Nd7 (18... Qc7 $4 19. Nb5 Qc6 20. Nxd4 Qc7 21. cxb6 $18
) 19. Rxd4 Qc7 (19... Qf6 20. Rd6 $1 Nxc5 $4 21. Nd5 $1) 20. Na4 $16) 17. Nxe5)
16. d5 exd5 17. cxd5 Bg4 18. Be2 $16 {><b5}) 15... Qe7 16. e5 c5 (16... Nd7 $5
17. Ne4 c5) 17. d5 exd5 18. Nxd5 Nxd5 19. Bxd5 (19. Rxd5 $6 Be6 20. Rd6 Bg4 21.
Qxg6 Bxf3 22. gxf3 b5 $132) 19... Bg4 20. Rfe1 Bxf3 21. gxf3 Qg5+ 22. Kh1 {
/\ Qe4,f4+/-} Bxe5 {[%csl Yf7,Yg6]} 23. Rxe5 $1 Qxe5 24. Qxg6+ Qg7 25. Qf5 Kh8
(25... Ra6 26. Rg1 Rg6 $2 27. Rxg6 {/^ a2-g8}) 26. Rg1 Rg8 (26... Qd4 27. Be4
$18) 27. Rxg7 Rxg7 28. Qf4 Rd8 29. Qxh6+ Kg8 30. Qh5 Rd6 31. Qe5 Rgg6 1-0